Chrám Matky Boží v Paříži : zkráceno /

Main Author: Hugo, Victor, 1802-1885
Other Authors: Tomášková, Milena, 1918-2002
Language: Czech
Published: Frýdek-Místek : Alpress, 2000
Edition: Vydání první
Series: Klokan (Alpress)
Školní četba (Alpress)
Physical Description: 206 stran ; 20 cm
Book
Saved in:
LEADER 01712nam a2200469 i 4500
001 001789469
003 CZ BrMZK
005 20210825071224.0
007 ta
008 210427s2000 xr d 000 f cze
015 |a cnb000888153 
020 |a 80-7218-401-6  |q (brožováno) 
035 |a (OCoLC)56857045 
040 |a LIA001  |b cze  |d ABA001  |d BOA001  |e rda 
041 1 |a cze  |h fre 
072 7 |a 821.133.1-3  |x Francouzská próza, francouzsky psaná  |2 Konspekt  |9 25 
072 7 |a 821-93  |x Literatura pro děti a mládež (beletrie)  |2 Konspekt  |9 26 
080 |a 821.133.1-31  |2 MRF 
080 |a 821-93  |2 MRF 
080 |a 821-1/-8(0.046.6)  |2 MRF 
080 |a (0:82-31)  |2 MRF 
100 1 |a Hugo, Victor,  |d 1802-1885  |7 jn19990003739  |4 aut 
240 1 0 |a Notre-Dame de Paris.  |l Česky  |7 aun2009518844 
245 1 0 |a Chrám Matky Boží v Paříži :  |b zkráceno /  |c Victor Hugo ; z francouzského originálu Notre-Dame de Paris přeložila Milena Tomášková 
250 |a Vydání první 
264 1 |a Frýdek-Místek :  |b Alpress,  |c 2000 
300 |a 206 stran ;  |c 20 cm 
336 |a text  |b txt  |2 rdacontent 
337 |a bez média  |b n  |2 rdamedia 
338 |a svazek  |b nc  |2 rdacarrier 
490 1 |a Školní četba 
490 1 |a Klokan 
655 7 |a francouzské romány  |7 fd132289  |2 czenas 
655 7 |a literární adaptace  |7 fd119387  |2 czenas 
655 7 |a publikace pro mládež  |7 fd133157  |2 czenas 
700 1 |a Tomášková, Milena,  |d 1918-2002  |7 jk01132686  |4 trl 
830 0 |a Klokan (Alpress)  |0 s 
830 0 |a Školní četba (Alpress) 
910 |a BOA001  |b 1-1461.926 
990 |a BK 
991 |b 202108 
996 6 |b 2610864855  |c 1-1461.926  |l MZK  |r Sklad / do 1 hodiny  |n 0  |p kupd  |w 001851242  |u 000010  |a 1  |e BOA001  |j MZK50  |s P